| 000 | 00497nam a22002057a 4500 | ||
|---|---|---|---|
| 003 | LK-CoDNM | ||
| 005 | 20241219121345.0 | ||
| 008 | 241219b |||||||| |||| 00| 0 eng d | ||
| 040 |
_aLK-CoDNM _dLK-CoDNM _eLK-CoDNM |
||
| 041 | _aeng | ||
| 080 |
_a2 _bC31 |
||
| 100 | _aRUSSELL,RV | ||
| 245 | _aCENTRAL PROVINCES DISTRICT GAZETTERS | ||
| 260 |
_c1906 _bALLAHABD |
||
| 300 | _axxii, 493P. : ill , map ; 25 CM | ||
| 650 | _a2 C 25 | ||
| 650 | _aScience | ||
| 650 | _a1906 | ||
| 942 | _cBK | ||
| 999 |
_c233636 _d233636 |
||